| 000 | 00367nam a2200157Ia 4500 | ||
|---|---|---|---|
| 008 | 241014s9999||||xx |||||||||||||| ||und|| | ||
| 020 | _a9781853961199 | ||
| 060 | _aHD 31 G 1991 | ||
| 100 | _aGill, John's Phil Johnson | ||
| 245 | 0 | _aResearch Methods Managers | |
| 250 | _a1991 | ||
| 260 | _bP.C.P | ||
| 300 | _a168 | ||
| 650 | _aManagement | ||
| 942 |
_bIBHM _cBK |
||
| 999 |
_c16313 _d16313 |
||